<?xml version="1.0" encoding="UTF-8"?>
<collection xmlns:xsi="http://www.w3.org/2001/XMLSchema-instance" xsi:schemaLocation="http://www.loc.gov/MARC21/slim http://www.loc.gov/standards/marcxml/schema/MARC21slim.xsd" xmlns="http://www.loc.gov/MARC21/slim">
 <record>
  <leader>00000cam a22000004a 4500</leader>
  <controlfield tag="001">UP-99796217610571475</controlfield>
  <controlfield tag="003">Buklod</controlfield>
  <controlfield tag="005">20130109144216.0</controlfield>
  <controlfield tag="006">aa    r     ||| u </controlfield>
  <controlfield tag="007">ta</controlfield>
  <controlfield tag="008">091030s2010    dcuab   rb   |001 0|eng d</controlfield>
  <datafield tag="020" ind1=" " ind2=" ">
   <subfield code="a">9780815703433 (soft cover : alk. paper)</subfield>
  </datafield>
  <datafield tag="020" ind1=" " ind2=" ">
   <subfield code="a">0815703430 (soft cover : alk. paper)</subfield>
  </datafield>
  <datafield tag="035" ind1=" " ind2=" ">
   <subfield code="a">(iLib)UPD-00192603130</subfield>
  </datafield>
  <datafield tag="040" ind1=" " ind2=" ">
   <subfield code="a">DECON</subfield>
  </datafield>
  <datafield tag="041" ind1="0" ind2=" ">
   <subfield code="a">eng</subfield>
  </datafield>
  <datafield tag="042" ind1=" " ind2=" ">
   <subfield code="a">DMLUC</subfield>
  </datafield>
  <datafield tag="090" ind1=" " ind2=" ">
   <subfield code="a">HD 9502 A2</subfield>
   <subfield code="b">G65 2010</subfield>
  </datafield>
  <datafield tag="245" ind1="0" ind2="0">
   <subfield code="a">Global energy governance</subfield>
   <subfield code="b">the new rules of the game</subfield>
   <subfield code="c">Andreas Goldthau, Jan Martin Witte, editors.</subfield>
  </datafield>
  <datafield tag="264" ind1=" " ind2="1">
   <subfield code="a">Berlin, [Germany]</subfield>
   <subfield code="b">Global Public Policy Institute</subfield>
   <subfield code="c">c2010.</subfield>
  </datafield>
  <datafield tag="300" ind1=" " ind2=" ">
   <subfield code="a">xi, 372 p.</subfield>
   <subfield code="b">ill., maps</subfield>
  </datafield>
  <datafield tag="505" ind1="0" ind2=" ">
   <subfield code="a">The role of rules and institutions in global energy : an introduction / Andreas Goldthau and Jan Martin Witte -- Energy diplomacy in trade and investment of oil and gas / Andreas Goldthau -- Managing the patchwork of agreements in trade and investment / Yulia Selivanova -- Development of the emerging biofuels market / Simonetta Zarrilli -- Trade and investment in global energy : a policy perspective / Ralf Dickel -- State-backed financing in oil and gas projects / Amy Myers Jaffe and Ronald Soligo -- How do emerging carbon markets influence energy sector investments? / William Blyth -- Financing the future : investments in alternative sources of energy / Hillard Huntington and Christine Jojarth -- A new green deal and the future of global energy : a policy perspective / Joseph A. Stanislaw -- Consumer country energy cooperation : the International Energy Agency and the global energy order / Wilfrid L. Kohl -- The evolving role of LNG in the gas market / Dick de Jong, Coby van der Linde, and Tom Smeenk -- The International Energy Forum and the mitigation of oil market risks / Enno Harks -- The future of producer-consumer cooperation : a policy perspective / Albert Bressand -- The good/bad nexus in global energy governance / Thorsten Benner and Ricardo Soares de Oliveira with Frederic Kalinke -- Building global rules for sovereign wealth funds / Jamie Manzer and Jan Martin Witte -- Global energy governance : the way forward / Andreas Goldthau, Wade Hoxtell, and Jan Martin Witte.</subfield>
  </datafield>
  <datafield tag="650" ind1="1" ind2="0">
   <subfield code="a">Power resources</subfield>
   <subfield code="x">Forecasting.</subfield>
  </datafield>
  <datafield tag="650" ind1=" " ind2="0">
   <subfield code="a">Energy policy.</subfield>
  </datafield>
  <datafield tag="650" ind1=" " ind2="0">
   <subfield code="a">International organization.</subfield>
  </datafield>
  <datafield tag="650" ind1=" " ind2="0">
   <subfield code="a">Globalization.</subfield>
  </datafield>
  <datafield tag="700" ind1="1" ind2=" ">
   <subfield code="a">Goldthau, Andreas.</subfield>
  </datafield>
  <datafield tag="700" ind1="1" ind2=" ">
   <subfield code="a">Witte, Jan Martin.</subfield>
  </datafield>
  <datafield tag="710" ind1="2" ind2=" ">
   <subfield code="a">Brookings Institution.</subfield>
  </datafield>
  <datafield tag="710" ind1="2" ind2=" ">
   <subfield code="a">Global Public Policy Institute.</subfield>
  </datafield>
  <datafield tag="905" ind1=" " ind2=" ">
   <subfield code="a">FO</subfield>
  </datafield>
  <datafield tag="950" ind1=" " ind2=" ">
   <subfield code="a">Monograph</subfield>
  </datafield>
  <datafield tag="852" ind1="0" ind2=" ">
   <subfield code="a">UPD</subfield>
   <subfield code="b">DECON</subfield>
   <subfield code="h">HD 9502.A2 G65 2010</subfield>
  </datafield>
  <datafield tag="942" ind1=" " ind2=" ">
   <subfield code="a">Book</subfield>
  </datafield>
 </record>
</collection>
